Encylopaedia of Rajasthan general knowledge (Record no. 60907)

MARC details
000 -LEADER
fixed length control field 00761nam a22002297a 4500
005 - DATE AND TIME OF LATEST TRANSACTION
control field 20120114132736.0
008 - FIXED-LENGTH DATA ELEMENTS--GENERAL INFORMATION
fixed length control field 120114t xxu||||| |||| 00| 0 eng d
020 ## - INTERNATIONAL STANDARD BOOK NUMBER
International Standard Book Number 8187542543
Terms of availability Rs 360.00
035 ## - SYSTEM CONTROL NUMBER
System control number B-84047
040 ## - CATALOGING SOURCE
Original cataloging agency DPL
Language of cataloging ENG
082 ## - DEWEY DECIMAL CLASSIFICATION NUMBER
Classification number 000
100 ## - MAIN ENTRY--PERSONAL NAME
Personal name Sharma, O.P.
9 (RLIN) 39192
245 ## - TITLE STATEMENT
Title Encylopaedia of Rajasthan general knowledge
Statement of responsibility, etc by O.P. Sharma et. al..
260 ## - PUBLICATION, DISTRIBUTION, ETC. (IMPRINT)
Place of publication, distribution, etc Jaipur
Name of publisher, distributor, etc Pink City Publishers
Date of publication, distribution, etc 2003
300 ## - PHYSICAL DESCRIPTION
Extent various pages
Dimensions 22x17 cm
700 ## - ADDED ENTRY--PERSONAL NAME
Personal name Srivastava, R. P.
9 (RLIN) 39193
700 ## - ADDED ENTRY--PERSONAL NAME
Personal name Jain, M.K.
9 (RLIN) 39194
700 ## - ADDED ENTRY--PERSONAL NAME
Personal name Gupta, G.P.
9 (RLIN) 39195
700 ## - ADDED ENTRY--PERSONAL NAME
Personal name Mathur, H.S.
9 (RLIN) 39196
942 ## - ADDED ENTRY ELEMENTS (KOHA)
Source of classification or shelving scheme Dewey Decimal Classification
Item type English Books
Classification part 000
Call number suffix ENC
Holdings
Withdrawn status Lost status Source of classification or shelving scheme Damaged status Not for loan Collection code Home library Current library Shelving location Date acquired Cost, normal purchase price Total Checkouts Full call number Barcode Date last seen Cost, replacement price Koha item type
    Dewey Decimal Classification     Non-fiction Sarojini Nagar Sarojini Nagar General Stacks 14/01/2012 360.00   000 ENC B-84047 14/01/2012 360.00 English Books

© Delhi Public Library
Hit Counter
free hit counter